[Event "Vilafranca del Penedes op 8th"]
[Site "Vilafranca del Penedes"]
[Date "2014.05.23"]
[Round "8"]
[White "Garcia Lopez, Josep Luis"]
[Black "Sirera Bargallo, Tomas"]
[Result "0-1"]
[WhiteElo "2024"]
[BlackElo "2145"]
[PlyCount "88"]
[EventDate "2014.03.28"]
[EventType "swiss"]
[EventRounds "8"]
[EventCountry "ESP"]
[SourceTitle "EXT 2015"]
[Source "ChessBase"]
[SourceDate "2014.11.20"]
[SourceVersion "1"]
[SourceVersionDate "2014.11.20"]
[SourceQuality "1"]

1. e4 d6 2. d4 Nf6 3. Nc3 Nbd7 4. Bc4 e5 5. Nf3 h6 6. dxe5 dxe5 7. 0-0 Be7 8. Nh4 Nb6 9. Qxd8+ Bxd8 10. Bb3 c6 11. Nf5 Bxf5 12. exf5 0-0 13. Re1 Re8 14. Ne4 Nxe4 15. Rxe4 Nd5 16. Rg4 Kh7 17. c4 Nf6 18. Rg3 Ne4 19. Re3 Nc5 20. Bc2 Bf6 21. Rb1 a5 22. b3 Rad8 23. g4 Bg5 24. Re2 Bxc1 25. Rxc1 f6 26. h4 Rd4 27. f3 Red8 28. Kf2 Kg8 29. Ke3 Kf7 30. Ree1 Rd2 31. Rcd1 Rxd1 32. Rxd1 Rxd1 33. Bxd1 Ke7 34. f4 Kd6 35. Bc2 Nd7 36. g5 Kc5 37. a3 exf4+ 38. Kxf4 hxg5+ 39. hxg5 Kd4 40. gxf6 gxf6 41. Bd1 b6 42. Bf3 Ne5 43. Bd1 a4 44. b4 Nxc4 0-1

[Event "Vilafranca del Penedes op 4th"]
[Site "Vilafranca del Penedes"]
[Date "2010.05.21"]
[Round "6.8"]
[White "Garcia Lopez, Josep Luis"]
[Black "Marina de la Torre, Ivan"]
[Result "0-1"]
[WhiteElo "1797"]
[BlackElo "1965"]
[PlyCount "90"]
[EventDate "2010.04.16"]
[EventType "swiss"]
[EventRounds "8"]
[EventCountry "ESP"]
[SourceTitle "EXT 2024"]
[Source "ChessBase"]
[SourceDate "2023.10.10"]
[SourceVersion "1"]
[SourceVersionDate "2023.10.10"]
[SourceQuality "1"]

1. e4 e6 2. d4 d5 3. exd5 exd5 4. Nf3 Bd6 5. Bd3 Ne7 6. h3 Nbc6 7. c3 h6 8. Qc2 Be6 9. Nbd2 Qd7 10. b4 0-0-0 11. a4 Rde8 12. Nf1 g5 13. b5 Na5 14. Ne3 f5 15. c4 dxc4 16. Nxc4 Bxc4 17. Bxc4 Bb4+ 18. Bd2 Nec6+ 19. Be2 Nxd4 20. Nxd4 Qxd4 21. Rd1 Re5 22. 0-0 Rxe2 23. Qxf5+ Kb8 24. Bxg5 Qg7 25. Bf6 Qf7 26. Qg4 Qxf6 27. Qxe2 Bd6 28. Qd2 b6 29. Qd4 Be5 30. Qe4 Rf8 31. Qd3 Nb7 32. Qe4 Nc5 33. Qc4 Ne6 34. Rd3 Nf4 35. Rf3 Rf7 36. Kh1 Rg7 37. Rg3 Ng6 38. Qe4 Bxg3 39. Qe8+ Kb7 40. Qe4+ c6 41. bxc6+ Kc7 42. Qf3 Qxf3 43. gxf3 Be5 44. Re1 Bd6 45. Re6 Nh4 0-1